000 00639nam a22002297a 4500
003 UA-OsUOA
001 96730
007 ta
008 20130321b un ||||| |||| 00| 0 ukr d
100 _aДрайзер Т.
090 _a821.111
_bД72
942 _cBK
040 _aUA-OsUOA
_brus
_cUA-OsUOA
_dUA-OsUOA
245 _aСобрание сочинений в двенадцати томах
_b12
_cРассказы
300 _a302 с.
955 _a3
041 _arus
080 _a821.111
260 _aМ.
_bПравда
_c1973
650 7 _a82 Література. Літературознавство
_2UDC
999 _c382990
_d382990